Aduh, pening !
Ingatkan bila kahwin dengan Ikmal, semua masalah akan selesai. Tak adalah orang asyik bertanya bila mahu makan nasi minyak. Rupa-rupanya dugaan yang diterima lebih dahsyat. Dia seakan dimadukan dengan anak tiri dan bekas isteri suaminya. Dulu, sibuk sangat si Nadia tu minta cerai. Bila Ikmal suda...
Saved in:
| Format: | Book |
|---|---|
| Language: | Malay |
| Published: |
Shah Alam, Selangor
Grup Buku Karangkraf
2016
|
| Subjects: | |
| Tags: |
Add Tag
No Tags, Be the first to tag this record!
|
| Call Number : | PL 5139.A86 ADU 2016 |
MARC
| LEADER | 00000nam a2200000 c 4500 | ||
|---|---|---|---|
| 001 | 53010 | ||
| 003 | MY-KLNDU | ||
| 005 | 20241219014333.0 | ||
| 008 | 221104 2016 my 000 1 may d | ||
| 020 | |a 9789678606509 | ||
| 039 | 9 | |a 202211041227 |b VLOAD |c 201912261008 |d faezah |y 201906141606 |z shahrim | |
| 040 | |a UPNM |b eng |c UPNM |e rda | ||
| 090 | |a PL 5139.A86 |b ADU 2016 | ||
| 245 | 1 | |a Aduh, pening ! |c Asmah Hashim | |
| 264 | 1 | |a Shah Alam, Selangor |b Grup Buku Karangkraf |c 2016 | |
| 300 | |a 488 pages |c 19 cm | ||
| 336 | |a text |2 rdacontent | ||
| 337 | |a unmediated |2 rdamedia | ||
| 338 | |a volume |2 rdacarrier | ||
| 520 | |a Ingatkan bila kahwin dengan Ikmal, semua masalah akan selesai. Tak adalah orang asyik bertanya bila mahu makan nasi minyak. Rupa-rupanya dugaan yang diterima lebih dahsyat. Dia seakan dimadukan dengan anak tiri dan bekas isteri suaminya. Dulu, sibuk sangat si Nadia tu minta cerai. Bila Ikmal sudah bahagia bersama Aleeya, boleh pulak dia terhegeh-hegeh hendak menuntut cinta lama. Gila talak ke apa? Konon-konon anak-anaknya tak boleh hidup tanpa ayah. Padahal...Ikmal sedikit pun tak pernah abaikan tanggungjawabnya. Huru-hara jadinya hidup Aleeya. Puas ditepis-tepis akhirnya dia mengalah. Biarlah Ikmal kembali kepada Nadia. Dia sudah biasa sendiri. Hatinya tidak sakit, kepalanya tidak pening. Kebahagiaan dirinya biarlah ALLAH yang tentukan. Jika tiada jodohnya di dunia...mungkin di akhirat ada yang menanti | ||
| 592 | |a M00118 |b 15/10/2019 |c RM 22.00 |h Rimbunan Ilmu | ||
| 650 | 0 | |a Malay fiction | |
| 999 | |a vtls000064341 |c 53010 |d 53010 | ||


